LIBRARY ONLINE CATALOGUE

Asking about life / (Record no. 2809)

MARC details
000 -LEADER
fixed length control field 00665nam a22002292 4500
001 - CONTROL NUMBER
control field 0000004602
005 - DATE AND TIME OF LATEST TRANSACTION
control field 20151217145818.0
008 - FIXED-LENGTH DATA ELEMENTS--GENERAL INFORMATION
fixed length control field 070525s xx 000 0 eng d
020 ## - INTERNATIONAL STANDARD BOOK NUMBER
International Standard Book Number 0030270448 :
Terms of availability KES 500
040 ## - CATALOGING SOURCE
Original cataloging agency KABU
Transcribing agency KABU
050 #0 - LIBRARY OF CONGRESS CALL NUMBER
Classification number QH308.2
Item number .T63 2001
100 1# - MAIN ENTRY--PERSONAL NAME
Personal name Tobin, Allan J.
-- 0000155236
245 10 - TITLE STATEMENT
Title Asking about life /
Statement of responsibility, etc. Allan J. Tobin, Jennie Dusheck.
250 ## - EDITION STATEMENT
Edition statement 2nd ed.
260 ## - PUBLICATION, DISTRIBUTION, ETC. (IMPRINT)
Place of publication, distribution, etc. New York :
Name of publisher, distributor, etc. Harcourt College,
Date of publication, distribution, etc. 2001.
300 ## - PHYSICAL DESCRIPTION
Extent xxii, 928 p.
650 #0 - SUBJECT ADDED ENTRY--TOPICAL TERM
Topical term or geographic name as entry element Biology.
-- 0000003707
700 1# - ADDED ENTRY--PERSONAL NAME
Personal name Dusheck, Jennie.
-- 0000155237
908 ## - PUT COMMAND PARAMETER (RLIN)
Put command parameter 070525
950 ## - LOCAL HOLDINGS (RLIN)
-- 1
Holdings
Withdrawn status Lost status Source of classification or shelving scheme Not for loan Home library Current library Date acquired Total Checkouts Full call number Barcode Date last seen Price effective from Koha item type
    Library of Congress Classification   Kabarak, Main Campus Kabarak, Main Campus 17/12/2015   QH308.2 .T63 2001 007380 17/12/2015 17/12/2015 General Collection